The Oxford India illustrated CORBETT (Record no. 172671)

MARC details
000 -LEADER
fixed length control field 00711nam a22002417a 4500
003 - CONTROL NUMBER IDENTIFIER
control field dpl
005 - DATE AND TIME OF LATEST TRANSACTION
control field 20200210161649.0
008 - FIXED-LENGTH DATA ELEMENTS--GENERAL INFORMATION
fixed length control field 200210b ||||| |||| 00| 0 eng d
010 ## - LIBRARY OF CONGRESS CONTROL NUMBER
LC control number B-129936
020 ## - INTERNATIONAL STANDARD BOOK NUMBER
International Standard Book Number 9780195668742
Terms of availability 595.00
035 ## - SYSTEM CONTROL NUMBER
System control number B-129936
040 ## - CATALOGING SOURCE
Transcribing agency 0
050 ## - LIBRARY OF CONGRESS CALL NUMBER
Classification number S
Item number OXF
082 ## - DEWEY DECIMAL CLASSIFICATION NUMBER
Classification number S
Item number OXF
100 ## - MAIN ENTRY--PERSONAL NAME
Personal name Oxford
245 ## - TITLE STATEMENT
Title The Oxford India illustrated CORBETT
Statement of responsibility, etc Oxford
Medium ENG
246 ## - VARYING FORM OF TITLE
Title proper/short title The Oxford India illustrated CORBETT
Medium ENG
260 ## - PUBLICATION, DISTRIBUTION, ETC. (IMPRINT)
Place of publication, distribution, etc New Delhi
Name of publisher, distributor, etc Oxford University Press
Date of publication, distribution, etc 2004
270 ## - ADDRESS
Address YMCA Library Building, Jai Singh Road
City New Delhi
Country India
Postal code 110001
300 ## - PHYSICAL DESCRIPTION
Extent 306pg
Other physical details With Pictures
Dimensions 19cm
500 ## - GENERAL NOTE
General note With Pictures
942 ## - ADDED ENTRY ELEMENTS (KOHA)
Source of classification or shelving scheme Dewey Decimal Classification
Koha item type English Books
Classification part S
Item part OXE
Call number prefix S
Call number suffix OXE
Holdings
Withdrawn status Lost status Source of classification or shelving scheme Damaged status Not for loan Collection code Home library Current library Date acquired Source of acquisition Cost, normal purchase price Total Checkouts Total Renewals Full call number Barcode Date last seen Date checked out Cost, replacement price Price effective from Koha item type
    Dewey Decimal Classification     Fiction Shahdara Branch Shahdara Branch 10/02/2020 BPPD/PUB 595.00 1 1 S OXE B-129936 16/12/2020 28/11/2020 595.00 10/02/2020 English Books

© Delhi Public Library
Hit Counter
free hit counter